| 000 | 00710cab a2200217 4500 | ||
|---|---|---|---|
| 001 | ABS41721 | ||
| 008 | 090401t1989 xxu||||| |||| 00| 0 eng d | ||
| 035 | _a(Sirsi) u32018 | ||
| 041 | _aeng | ||
| 245 | _aOutline permission route finds support | ||
| 260 | _c1989 | ||
| 350 | _a0 | ||
| 490 |
_aPlanning (for the Natural and Built Environment) _v(845) 17 November 1989, 33(1) |
||
| 520 | _aThe two-stage process of outline , followed by detailed planning permission has been approved by a recent DOE -commissioned study. | ||
| 650 | _aPLANNING APPLICATIONS | ||
| 650 | _aPLANNING CONTROL | ||
| 650 | _aREADING UNIVERSITY | ||
| 690 | _aPLANNING LAW AND PRACTICE | ||
| 942 | _n0 | ||
| 948 | _c04/03/1997 | ||
| 999 |
_c21486 _d21486 |
||